Life- Enriching Education/ (Record no. 178312)

MARC details
000 -LEADER
fixed length control field 00712nam a22001817a 4500
005 - DATE AND TIME OF LATEST TRANSACTION
control field 20210324155434.0
010 ## - LCCN (DPL NO)
LC control number ENG-129291
020 ## - INTERNATIONAL STANDARD BOOK NUMBER
International Standard Book Number 978-93-82400-35-6
Terms of availability 450.00
035 ## - SYSTEM CONTROL NUMBER
System control number EN-112823
037 ## - SOURCE OF ACQUISITION
Source of stock number/acquisition DBAD/PUB
082 ## - DEWEY DECIMAL CLASSIFICATION NUMBER
Classification number 371.1023
100 ## - MAIN ENTRY--PERSONAL NAME
Personal name Rosenberg, Marshall B.
245 ## - TITLE STATEMENT
Title Life- Enriching Education/
Statement of responsibility, etc Marshall B. Rosenberg
Remainder of title nonviolent Communication Helps Schools Improve Performance, Reduce Conflict , and Enhance Relationships
260 ## - PUBLICATION, DISTRIBUTION, ETC. (IMPRINT)
Name of publisher, distributor, etc Banyan Tree
Place of publication, distribution, etc Indore
Date of publication, distribution, etc 2020
270 ## - ADDRESS
City Indore
Postal code 452003
Address 1-b, Dhenu Mraket, 1st floor
Telephone number +91-731-2531488 , 8989461462 , 9425904428
Electronic mail address banayantreebookstore@gmail.com
300 ## - PHYSICAL DESCRIPTION
Extent 160p.
Dimensions 22cm(pbk)
942 ## - ADDED ENTRY ELEMENTS (KOHA)
Source of classification or shelving scheme Dewey Decimal Classification
Item type English Books
Classification part 371.1023
Call number suffix ROS
Holdings
Withdrawn status Lost status Not for loan Collection code Home library Current library Date acquired Source of acquisition Cost, normal purchase price Full call number Barcode Copy number Cost, replacement price Koha item type
      Non-fiction Shahdara Branch Shahdara Branch 24/03/2021 DBAD/PUB 450.00 371.1023 ROS EN-112823 1 450.00 English Books

© Delhi Public Library
Hit Counter
free hit counter